Vysychá zelená nádej keď príroda s mestom nespolupracuje-

Bibliographic Details
Format: Article
Language:Slovak
PhysicalDescription:Fotogr.
ISSN:1338-659X
Subjects:
Online Access:http://kosice.korzar.sme.sk/c/8217564/na-kosickych-kolajiskach-vysychaju-zelene-pasy.html

MARC

LEADER 00000nab a2200000 a 4500
001 vtls011568141
003 SK-MaSNL
005 20260303084213.0
008 160719c20160709xo drz 0 0slo
038 |a KEVKJB 
040 |a KEVKJB  |b slo  |c KEVKJB  |e AACR2 
041 0 |a slo 
044 |a xo  |c SK 
080 |a 629.433  |2 2011 
245 0 0 |a Vysychá zelená nádej  |b keď príroda s mestom nespolupracuje-  |c [autor](len) 
300 |b Fotogr. 
650 0 7 |a električkové trate  |x rekonštrukcie  |2 kevkjb  |9 1050806 
651 7 |a Košice (Slovensko)  |2 kevkjb  |9 18694 
773 0 |t Korzár : denník Košického kraja  |g Roč. XIX., č. 159 (9.7.2016), s. 2  |x 1338-659X 
852 |a KEVKJB  |b KIS3GCP 
856 4 1 |u http://kosice.korzar.sme.sk/c/8217564/na-kosickych-kolajiskach-vysychaju-zelene-pasy.html 
999 |c 1794521  |d 1796451